Classifica Serie A 2023-2024 - Statistics

Statistiche generali
  • Questo quiz è stato fatto 118 volte
  • Il punteggio medio è 18 su 20
Statistiche sulle risposte
Squadra Punti Vinte Pareggiate Perse Gol fatti Gol subiti % Corretto
Inter 94 29 7 2 89 22
98%
Juventus 71 19 14 5 54 31
97%
Milan 75 22 9 7 76 49
97%
Napoli 53 13 14 11 55 48
97%
Fiorentina 60 17 9 12 61 46
96%
Atalanta 69 21 6 11 72 41
95%
Lazio 61 18 7 13 49 39
95%
Roma 63 18 9 11 65 46
95%
Bologna 68 18 14 6 54 32
93%
Torino 53 13 14 11 36 36
93%
Sassuolo 30 7 9 22 43 75
92%
Udinese 37 6 19 13 37 53
89%
Genoa 49 12 13 13 45 45
86%
Monza 45 11 12 16 39 51
85%
Salernitana 17 2 11 25 32 81
82%
Cagliari 36 8 12 18 42 58
80%
Empoli 36 9 9 20 29 54
79%
Lecce 38 8 14 16 32 54
79%
Verona 38 9 11 18 38 51
78%
Frosinone 35 8 11 19 44 69
77%
Nessun quiz corrispondente trovato
Distribuzione punteggi
Percentuale di utenti per punteggio
Percentile per numero di risposta
I tuoi punteggi nel tempo
Non hai fatto questo quiz